000 00352nam a22001577a 4500
003 MPLRDC
005 20220104144204.0
008 210129b ||||| |||| 00| 0 eng d
082 _a868.8 MZ c.3
100 _a孟紫著
245 _a
_c
260 _a
_b新加坡写作人协会
_c1981
300 _b
650 _a
942 _cBK
_o868.8 MZ c.3
999 _c47234
_d47224